| 000 | 02044cam a2200409 i 4500 | ||
|---|---|---|---|
| 999 |
_c64917 _d64917 |
||
| 001 | 611964942 | ||
| 003 | OCoLC | ||
| 005 | 20190402120453.0 | ||
| 008 | 100426s2010 kyuad g b 001 0 eng | ||
| 010 | _a2010017725 | ||
| 020 | _a9781609470036 (pbk. : alk. paper) | ||
| 020 | _a1609470036 (pbk. : alk. paper) | ||
| 040 |
_aDLC _cCO-MdFUSB _dYDX _dIMC _dHNW _dCDX _dYDXCP _bspa _erda |
||
| 041 | _aeng | ||
| 043 | _acl----- | ||
| 082 |
_224 _aG 262.7098 _bG633m |
||
| 100 | 1 |
_aGomez, Ricardo, _d1972- _eautor |
|
| 245 | 0 | 4 |
_aThe mission of God in Latin America _c/ Ricardo Gomez. |
| 264 | 1 |
_aLexington, Kentucky : _bEmeth Press, _c℗[2010] |
|
| 264 | 4 | _c©2010 | |
| 300 |
_axiv, 237 páginas : _bilustraciones ; _c23 cm. |
||
| 336 |
_2rdacontent _atexto _btxt |
||
| 337 |
_2rdamedia _asin mediación _bn |
||
| 338 |
_2rdacarrier _avolumen _bnc |
||
| 490 | 1 | _aAsbury Theological Seminary series in world Christian revitalization movements in intercultural studies : | |
| 501 | _aIncluye índices (páginas 227- 237) | ||
| 504 | _aBibliografía (páginas 217- 226) | ||
| 505 | _a¿Se ha convertido la iglesia en el problema más que en la solución? -- Panorama histórico de la colonización y la influencia de la iglesia en América Latina -- La teología de Lucas-Hechos y misión en el contexto latinoamericano -- Teología y praxis de la misión entre las iglesias católicas romanas seleccionadas -- Teología y práctica de la misión entre las principales iglesias protestantes seleccionadas -- Teología y práctica de la misión entre las iglesias protestantes pentecostales seleccionadas -- Redefiniendo la teología y la práctica de la iglesia en América Latina. | ||
| 650 | 0 |
_aTeología práctica _9180 |
|
| 651 | 7 | _aAmérica Latina | |
| 653 | _aAmérica Latina -- Historia de la iglesia | ||
| 653 | _aMisión -- América Latina | ||
| 830 | 0 |
_aAsbury Theological Seminary series in world Christian revitalization movements ; _vno. 4. |
|
| 942 | _cBK | ||